00261nam a2200109Ia 4500008004100000100001700041245002500058250000800083260004400091300000800135650000800143191201s2012 xx 000 0 und d aDWIVEDI, D N 0aManagerial Economics arep aN. DelhibVikas Publication Housec2012 a704 aBBA